<?xml version="1.0" encoding="UTF-8"?><?xml-stylesheet type="text/xsl" href="static/style.xsl"?><OAI-PMH xmlns="http://www.openarchives.org/OAI/2.0/" xmlns:xsi="http://www.w3.org/2001/XMLSchema-instance" xsi:schemaLocation="http://www.openarchives.org/OAI/2.0/ http://www.openarchives.org/OAI/2.0/OAI-PMH.xsd"><responseDate>2026-04-18T14:18:14Z</responseDate><request verb="GetRecord" identifier="oai:riubu.ubu.es:10259/9180" metadataPrefix="marc">https://riubu.ubu.es/oai/request</request><GetRecord><record><header><identifier>oai:riubu.ubu.es:10259/9180</identifier><datestamp>2024-05-27T07:01:13Z</datestamp><setSpec>com_10259_4244</setSpec><setSpec>com_10259_5086</setSpec><setSpec>com_10259_2604</setSpec><setSpec>col_10259_4245</setSpec></header><metadata><record xmlns="http://www.loc.gov/MARC21/slim" xmlns:doc="http://www.lyncode.com/xoai" xmlns:xsi="http://www.w3.org/2001/XMLSchema-instance" xmlns:dcterms="http://purl.org/dc/terms/" xsi:schemaLocation="http://www.loc.gov/MARC21/slim http://www.loc.gov/standards/marcxml/schema/MARC21slim.xsd">
<leader>00925njm 22002777a 4500</leader>
<datafield tag="042" ind1=" " ind2=" ">
<subfield code="a">dc</subfield>
</datafield>
<datafield tag="720" ind1=" " ind2=" ">
<subfield code="a">Tadesse, Solomon Abebaw</subfield>
<subfield code="e">author</subfield>
</datafield>
<datafield tag="720" ind1=" " ind2=" ">
<subfield code="a">Emire, Shimelis Admassu</subfield>
<subfield code="e">author</subfield>
</datafield>
<datafield tag="720" ind1=" " ind2=" ">
<subfield code="a">Barea Gómez, Pedro</subfield>
<subfield code="e">author</subfield>
</datafield>
<datafield tag="720" ind1=" " ind2=" ">
<subfield code="a">Illera Gigante, Alba Ester</subfield>
<subfield code="e">author</subfield>
</datafield>
<datafield tag="720" ind1=" " ind2=" ">
<subfield code="a">Melgosa Gómez, Rodrigo</subfield>
<subfield code="e">author</subfield>
</datafield>
<datafield tag="720" ind1=" " ind2=" ">
<subfield code="a">Beltrán Calvo, Sagrario</subfield>
<subfield code="e">author</subfield>
</datafield>
<datafield tag="720" ind1=" " ind2=" ">
<subfield code="a">Sanz Díez, Mª Teresa</subfield>
<subfield code="e">author</subfield>
</datafield>
<datafield tag="260" ind1=" " ind2=" ">
<subfield code="c">2023-09</subfield>
</datafield>
<datafield tag="520" ind1=" " ind2=" ">
<subfield code="a">This study investigated the valorisation of low-valued ray-finned fish (Labeobarbus nedgia) (LB) muscle into valuable protein hydrolysates using three commercial enzymes (Alcalase®, Novozym®, and Protease®). After testing different enzyme concentrations (0–3 %, v/w) and temperatures (50–70 °C), the best results, including the highest degree of hydrolysis (DH) and antioxidant activity, were achieved when using Alcalase® at 3 % (v/w) and a temperature of 60 °C. However, Novozym® was found to be more resistant to high temperatures than Alcalase®. Functional properties of freeze-dried protein hydrolysates prepared using Alcalase® and Novozym®, at an enzyme concentration of 3 % (v/w) and a temperature of 60 °C, were determined. Both hydrolysates exhibited similar solubility, water and oil holding capacity, and foaming capacity and stability. This study demonstrated that the low-valued LB muscle can be used to produce a valuable protein hydrolysate, which could be used as a functional ingredient in the food industry.</subfield>
</datafield>
<datafield tag="024" ind2=" " ind1="8">
<subfield code="a">0960-3085</subfield>
</datafield>
<datafield tag="024" ind2=" " ind1="8">
<subfield code="a">http://hdl.handle.net/10259/9180</subfield>
</datafield>
<datafield tag="024" ind2=" " ind1="8">
<subfield code="a">10.1016/j.fbp.2023.08.003</subfield>
</datafield>
<datafield ind1=" " ind2=" " tag="653">
<subfield code="a">Low valued ray-finned fish</subfield>
</datafield>
<datafield ind1=" " ind2=" " tag="653">
<subfield code="a">Protein enzymatic hydrolysate</subfield>
</datafield>
<datafield ind1=" " ind2=" " tag="653">
<subfield code="a">Antioxidant activities</subfield>
</datafield>
<datafield ind1=" " ind2=" " tag="653">
<subfield code="a">Functional properties</subfield>
</datafield>
<datafield tag="245" ind1="0" ind2="0">
<subfield code="a">Valorisation of low-valued ray-finned fish (Labeobarbus nedgia) by enzymatic hydrolysis to obtain fish-discarded protein hydrolysates as functional foods</subfield>
</datafield>
</record></metadata></record></GetRecord></OAI-PMH>